• 首页
  • 本馆介绍
  • 公告通知
  • 最新文献
  • 馆藏检索
  • 电子资源
  • 读者导购
  • 参考咨询
  • 我的图书馆
  • 登录
  • 详细信息显示
  • 放入我的书架
  • 预约/预借图书
  • 作者相关作品
  • 分类相关作品
  • 丛书相关作品
  • 出版社相关作品

书目信息

  • 表格格式
  • 工作单格式
  • 卡片格式
题名:
最初三分钟
    
 
作者: 温伯格 , Weinberg 著 ;冼鼎钧 译
分册:  
出版信息: 北京   科学出版社  1981
页数: 148页
开本: 19cm
丛书名:
单 册:
中图分类: P159.3 , N82
科图分类:
主题词: 宇宙--起源 , 自然科学--调查 , 自然科学--考察
电子资源:
ISBN:
000 00984nam0 2200337 45
001 0181005103
005 20040524104928.2
010    @dCNY0.65
091    @a13031.1767
100    @a19950624d1981 emky0chiy0121 ea
101 1  @achi@ceng
102    @aCN@b110000
105    @ay z 000yy
106    @ar
200 10 @a最初三分钟@Azui chu san fen zhong@e宇宙起源的现代观点@f(美)温伯格(S.Weinberg)著@g冼鼎钧译
210    @a北京@c科学出版社@d1981
215    @a148页@d19cm
300    @a书名原文: The first three minutes
510 1  @aThe first three minutes@zeng
517 1  @a宇宙起源的现代观点@Ayu zhou qi yuan de xian dai guan dian
606    @a宇宙@x起源
606 0  @a自然科学@x调查
606 0  @a自然科学@x考察
690    @aP159.3@v3
690    @aN82
701  1 @a温伯格@Awen bo ge@bS.@4著
701 A1 @aWeinberg@bS.@4著
702  0 @a冼鼎钧@Axian ding jun@4译
801  0 @aCN@b上海图书馆@c20040524
801  2 @aCN@bNLC@c20040524
905    @f1@b55234@dN82@e6
    
    最初三分钟:宇宙起源的现代观点/(美)温伯格(S.Weinberg)著/冼鼎钧译.-北京:科学出版社,1981
    148页;19cm
    书名原文: The first three minutes
    
    ISBN :CNY0.65
    
●
相关链接 在E读中查询图书 在五车中查询图书 在当当中查询图书 在豆瓣中查询图书


正题名:最初三分钟     索取号:N82/6         预约/预借

序号 登录号 条形码 馆藏地/架位号 状态 备注
1 0055234   001235283   第三借阅区/ [索取号:N82/6] 在馆    
2 0055235   202087810   第二样本阅览室/ [索取号:N82/6] 在馆    
唐山师范学院图书馆 欢迎您!
大连网信软件有限公司© 版权所有